[Event "VIE-ch U09"]
[Site "Ho Chi Minh City"]
[Date "2014.07.17"]
[Round "8"]
[White "Tran, Tung Quan"]
[Black "Dinh, Luu Don"]
[Result "1-0"]
[WhiteElo "1466"]
[BlackElo "1527"]
[PlyCount "81"]
[EventDate "2014.07.13"]
[EventType "swiss"]
[EventRounds "9"]
[EventCountry "VIE"]
[SourceTitle "EXT 2016"]
[Source "ChessBase"]
[SourceDate "2015.10.08"]
[SourceVersion "1"]
[SourceVersionDate "2015.10.08"]
[SourceQuality "1"]

1. e4 c5 2. Nf3 d6 3. d4 cxd4 4. Nxd4 Nf6 5. Nc3 e6 6. Be2 Be7 7. Be3 Nc6 8. f4 0-0 9. 0-0 Nxd4 10. Bxd4 b6 11. Qe1 Bb7 12. Bf3 Qc7 13. Qg3 e5 14. fxe5 dxe5 15. Bxe5 Bc5+ 16. Kh1 Qe7 17. Be2 Ne8 18. Bb5 f6 19. Bf4 Nd6 20. Bd3 Rad8 21. Rfe1 Kh8 22. e5 fxe5 23. Rxe5 Qd7 24. Qh4 g6 25. Bxg6 Qg7 26. Rg5 Rxf4 27. Qxf4 hxg6 28. Re1 Rf8 29. Qd2 Rf2 30. Qd3 Rf6 31. Nb5 Qf7 32. Nxd6 Bxd6 33. Rg4 Bc6 34. b3 a6 35. Rd4 Bb5 36. c4 Bc5 37. Rd8+ Kg7 38. cxb5 axb5 39. Rd7 Be7 40. Rdxe7 Qxe7 41. Rxe7+ 1-0